00366cam a22001097a 4500008004000000082001800040100001900058245010900077260002600186300001000212650003400222180718b1987 xxu||||| |||| 00| 0 eng d aQ43x5461 Sh23 aSharma, Adarsh aMonitoring social components of integrated child development services: a pilot projectcby Adarsh Sharma aDelhibNationalc1987 a153p. aChild Welfare - India - Delhi